Compendio de química coloidal
محفوظ في:
| المؤلفون الرئيسيون: | , |
|---|---|
| التنسيق: | كتاب |
| اللغة: | الإسبانية |
| منشور في: |
Ciudad de México
Continental
1965
|
| الموضوعات: | |
| الوسوم: |
إضافة وسم
لا توجد وسوم, كن أول من يضع وسما على هذه التسجيلة!
|
MARC
| LEADER | 00000nam a2200000 a 4500 | ||
|---|---|---|---|
| 001 | UCT1589 | ||
| 003 | CL-VaPUC | ||
| 008 | 960927e19651100MX |||||||||||||||||spa|d | ||
| 082 | 0 | 4 | |a 541.345 |b JIR |2 21 |
| 100 | 0 | |a Jirgensons, B |e author |9 370538 | |
| 700 | 0 | |a Straumanis, M. E |e author |9 370539 | |
| 245 | 1 | 0 | |a Compendio de química coloidal |
| 300 | |a 610 p | ||
| 942 | |c BK | ||
| 945 | |d 19960927 00:00:00 |a paguirre | ||
| 260 | |a Ciudad de México |b Continental |c 1965 | ||
| 650 | 0 | |a Química |9 259896 | |
| 650 | 0 | |a Coloides |9 259819 | |
| 650 | 0 | |a Aerosoles |9 366056 | |
| 650 | 0 | |a Emulsiones |9 325276 | |
| 650 | 0 | |a Estados de la Materia |9 347141 | |
| 583 | |a last modification |c 19960927 00:00:00 |k Rodrigo Vera | ||
| 999 | |c 252069 |d 252067 | ||
| 952 | |0 0 |1 0 |4 0 |6 541_345000000000000_JIR_1965 |7 0 |8 A |9 271674 |a BIBCUR |b BIBCUR |d 2019-11-19 |i 175355K |o 541.345 JIR 1965 |p 175355K |r 2025-04-22 |w 2019-11-19 |y BK |k BCB | ||